A companion to survey research

Saved in:
Bibliographic Details
Main Author: ORNSTEIN, Michael
Format: Book
Language:English
Published: Sage 2013
Tags: Add Tag
No Tags, Be the first to tag this record!

MARC

LEADER 00000nam a22000007a 4500
008 210125b ||||| |||| 00| 0 eng d
020 |a : 978-1-4462-0909-7 
100 |a ORNSTEIN, Michael 
245 |a A companion to survey research  |c Michael Ornstein 
260 |b Sage  |c 2013  |h London  |i 676220  |l HM538 .Or6  |m Social surveys 
942 |a lcc  |c BK  |e Mr ogunleye 
952 |0 0  |1 0  |2 lcc  |4 0  |6 HM0538 O R6  |7 0  |9 1662  |a HOL  |b HOL  |d 2021-01-25  |l 0  |o HM538 .Or6  |p 2021-0448  |r 2021-01-25 00:00:00  |w 2021-01-25  |y BK 
999 |c 883  |d 883